000 00609nam a2200229Ia 4500
003 OSt
005 20220927104952.0
006 a|||||r|||| 00| 0
007 ta
008 220926b |||||||| |||| 00| 0 eng d
024 _a196338
037 _cReference Collections
040 _aRTL
_cRTL
_beng
041 _2eng
_aeng
082 _a"X61.3.N6, K4"
100 _aMorgan Victor
_9368928
245 0 _aMonetary Policy for Stable Growth
260 _c1964
300 _a51p
_ccm.
942 _h"X61.3.N6, K4"
_cCC
999 _c689828
_d689828